| 000 | 00341nam a2200133Ia 4500 | ||
|---|---|---|---|
| 008 | 240624s9999 xx 000 0 und d | ||
| 041 | _aeng | ||
| 082 | _a330.0954 COL | ||
| 100 | _aSALZANO M | ||
| 245 | _aCOMPLEXITY HINTS FOR ECONOMIC POLICY | ||
| 260 |
_c2007 _aNew Delhi _bSpringer |
||
| 300 | _axxiii, 310 p.; 23 cm. | ||
| 365 |
_cERU _b38 |
||
| 999 |
_c31068 _d31068 |
||